01693nam a2200349Ia 4500001000400000003000400004005001700008008004100025020001800066040000800084041000900092082001600101100003000117240004100147245010200188250001000290260003900300300001500339520059200354650002900946650002400975650001800999650001701017650002201034655001601056655002001072700004501092830003601137942001201173952014501185999001301330305OSt20250528074017.0250324b ||||| |||| 00| 1 por d a9788578832294 bpor apor  a028.5bK64d1 aKinney, Jeff,d1971-9597 aDiary of a wimpy kid: The Last Straw aDiário de um bananab: a gota d'águac/ Kinney, Jeff ; tradução Antonio de Macedo Soares. a2.ed. aSão PaulobVergara & Ribac2010. a217p.bil. aA verdade é esta: Greg Heffley nunca deixará de ser um banana. Alguém precisa de explicar isto ao seu pai. Porque Frank Heffley acredita que conseguirá endurecer o filho e inscreve-o em desportos de equipa e noutras atividades «másculas». Claro que Greg consegue esquivar-se facilmente aos esforços do pai para o mudar. Mas, quando o pai ameaça enviá-lo para uma escola militar, o Greg percebe que tem de se tornar duro… ou não terá salvação. Este livro é o terceiro volume do diário de Greg, um verdadeiro banana, um romance com cartoons muito divertido. 0aLiteratura Americana984 0aInfantojuvenil9200 0aDiário9599 0aAmizade9556 0aVida escolar9600 0aRomance923 0aFicção 9221 aSoares, Antonio de MacedoeTRADUTOR9601 aDiário de um banana9598vv.2 2ddccBK 00102ddc3vol. 0340708FICaBIBIBbBIBIBcIJd2025-03-24edoaçãol0oIJ 028.5 / K55dp2025-17256r2025-03-24 14:19:23w2025-03-24yBK c305d305